Statistics for Top 50 Disney Shows (IMDB)

Click here to take the quiz!

General Stats

  • This quiz has been taken 42 times
    (17 since last reset)
  • The average score is 5 of 52

Answer Stats

TV ShowYear(s)IMDB% Correct
Gravity Falls2012-20168.9
58%
Mickey Mouse2013-20198.1
50%
Phineas and Ferb2007-20158.1
50%
Recess1997-20017.8
33%
Ahsoka20237.7
25%
Amphibia2019-20228.3
25%
The Mandalorian2019-20238.7
25%
The Owl House2020-20238.5
25%
Andor2022-Present8.4
17%
Big City Greens2018-Present7.5
17%
DuckTales1987-19908.0
17%
DuckTales2017-20218.3
17%
Even Stevens2000-20037.6
17%
Loki2021-Present8.2
17%
Milo Murphy's Law2016-20197.6
17%
Star Wars: The Clone Wars2008-20208.4
17%
Big Shot2021-20227.5
8%
Disney's House of Mouse2001-20037.5
8%
Fillmore!2002-20047.6
8%
Hawkeye20217.5
8%
Marvel's Moon Girl and Devil Dinosaur2023-Present7.7
8%
Secrets of Sulphur Springs2021-Present7.6
8%
So Weird1999-20018.4
8%
Star vs. the Forces of Evil2015-20197.9
8%
Star Wars: Rebels2014-20188.1
8%
Star Wars: The Bad Batch2021-Present7.8
8%
The Wonderful World of Mickey Mouse2020-20237.9
8%
WandaVision20217.9
8%
Adventures of the Gummi Bears1985-19917.5
0%
Chip 'n' Dale Rescue Rangers1988-19907.6
0%
Darkwing Duck1991-19927.6
0%
Dug Days20218.0
0%
Ed Sheeran: The Sum of It All20238.3
0%
Flash Forward1995-19977.9
0%
Fraggle Rock1983-19877.9
0%
Gargoyles1994-19968.0
0%
In the Soop: Friendcation20228.4
0%
Limitless with Chris Hemsworth20228.0
0%
Muppets Mayhem2023-Present8.0
0%
Muppets Tonight1996-19987.7
0%
Out of the Box1998-20047.5
0%
Rapunzel's Tangled Adventures2017-20207.7
0%
Star Wars: Tales of the Jedi2022-Present8.2
0%
TaleSpin1990-19917.5
0%
The Avengers: Earth's Mightiest Heroes2010-20128.3
0%
The Ghost and Molly McGee2021-Present7.5
0%
The Muppet Show1976-19818.4
0%
The Mysterious Benedict Society2021-20227.6
0%
The New Adventures of Winnie the Pooh1988-19917.6
0%
The Weekenders2000-20048.0
0%
TRON: Uprising2012-20138.2
0%
Zorro1957-19598.2
0%

Score Distribution

Percentile by Number Answered

Percent of People with Each Score

Your Score History

You have not taken this quiz since the last reset